000 00900nam a22001457a 4500
999 _c527943
_d527943
008 241009b ||||| |||| 00| 0 eng d
100 _aPatra, S.K., Yadav, R.K. and Kumar S.
_959129
245 _aUnraveling the determinants of domes saving in India: An ARDL approach
260 _aProductivity
300 _a 65(2), Jul-Sep, 2024: p.118-132
520 _aThe Indian economy has undergone substantial changes in the post-reform ear, market by a shift towards greater market orientation in policy and notable macroeconomic progress, including the development of a diverse financial market and increased global integration. Recognizing the pivotal role of domestic savings in fostering capital accumulation and supporting the factors influencing savings behavior within this attired economic landscape. – Reproduced
773 _aProductivity
906 _aECONPMIC DEVELOPMENT
942 _cAR